000 00294nam a22001217a 4500
008 180803b xxu||||| |||| 00| 0 eng d
082 _a813.52
245 _aThere's an easier way to stady
_cSpring Elsevier
260 _c2008
300 _a1
_fDVD
440 _x9781416056874
942 _2ddc
_cMX
999 _c46742
_d46742